Online katalóg knižníc regiónu Turca

Nedávny dávny svet (Record no. 20478)

MARC details
000 -LEADER
fixed length control field 02415cam a2200577 a 4500
001 - CONTROL NUMBER
control field 20478
003 - CONTROL NUMBER IDENTIFIER
control field VRT
005 - DATE AND TIME OF LATEST TRANSACTION
control field 20260122150456.0
008 - FIXED-LENGTH DATA ELEMENTS--GENERAL INFORMATION
fixed length control field 240611s1995 xo gra 000 1 slo
015 ## - NATIONAL BIBLIOGRAPHY NUMBER
National bibliography number SNBA1996/01
020 ## - INTERNATIONAL STANDARD BOOK NUMBER
International Standard Book Number 8071400564
035 ## - SYSTEM CONTROL NUMBER
System control number SNK000039578
035 ## - SYSTEM CONTROL NUMBER
System control number urn:nbn:sk:snk-amkebd
035 ## - SYSTEM CONTROL NUMBER
System control number urn:nbn:sk:snk-am003tdy
035 ## - SYSTEM CONTROL NUMBER
System control number 24082FD2-BCD9-43BA-8A4F-F18AF09DF51A
039 #9 - LEVEL OF BIBLIOGRAPHIC CONTROL AND CODING DETAIL [OBSOLETE]
Level of rules in bibliographic description 202407101510
Level of effort used to assign nonsubject heading access points csnk01
Level of effort used to assign subject headings 202406111243
Level of effort used to assign classification VLOAD
Level of effort used to assign subject headings 202403141526
Level of effort used to assign classification VLOAD
Level of effort used to assign subject headings 202402262017
Level of effort used to assign classification VLOAD
040 ## - CATALOGING SOURCE
Original cataloging agency SNK
Language of cataloging slo
Transcribing agency SNK
Description conventions AACR2
041 0# - LANGUAGE CODE
Language code of text/sound track or separate title slo
044 ## - COUNTRY OF PUBLISHING/PRODUCING ENTITY CODE
MARC country code xo
ISO country code SK
080 ## - UNIVERSAL DECIMAL CLASSIFICATION NUMBER
Universal Decimal Classification number 885.4-4
Edition identifier 1981
080 ## - UNIVERSAL DECIMAL CLASSIFICATION NUMBER
Universal Decimal Classification number 885.4-3
Edition identifier 1981
100 1# - MAIN ENTRY--PERSONAL NAME
Personal name Žáry, Štefan,
Dates associated with a name 1918-2007
Relationship aut
245 10 - TITLE STATEMENT
Title Nedávny dávny svet
Statement of responsibility, etc. Štefan Žáry
250 ## - EDITION STATEMENT
Edition statement 1. vyd.
260 ## - PUBLICATION, DISTRIBUTION, ETC.
Place of publication, distribution, etc. Liptovský Mikuláš
Name of publisher, distributor, etc. Tranoscius
Date of publication, distribution, etc. 1995
300 ## - PHYSICAL DESCRIPTION
Extent 154 s.
Dimensions 21 cm
500 ## - GENERAL NOTE
General note Fotografia na frontispice
655 #7 - INDEX TERM--GENRE/FORM
Genre/form data or focus term slovenské povesti
Source of term SNKPH
655 #7 - INDEX TERM--GENRE/FORM
Genre/form data or focus term slovenské eseje
Source of term SNKPH
700 1# - ADDED ENTRY--PERSONAL NAME
Personal name Brož, Robert,
Dates associated with a name 1939-2011
Relationship ill
942 ## - ADDED ENTRY ELEMENTS (KOHA)
Source of classification or shelving scheme Dewey Decimal Classification
Koha item type Krásna literatúra pre dospelých
Suppress in OPAC No
949 ## - LOCAL PROCESSING INFORMATION (OCLC)
6 270001000019613
a svkbbA 89865
p 597.121
949 ## - LOCAL PROCESSING INFORMATION (OCLC)
6 270001000019614
a svkbbA 89865
p 596.860
949 ## - LOCAL PROCESSING INFORMATION (OCLC)
6 0174096645
a leskn 2684
b lesknLV9833
o [RO] <ZD>
949 ## - LOCAL PROCESSING INFORMATION (OCLC)
6 0174096646
a leskn 2684
b lesknLV9834
o [RO] <ZD>
s 6724:20140331
949 ## - LOCAL PROCESSING INFORMATION (OCLC)
6 0174096647
a leskn 2684
b lesknLV9835
o [RO] <ZD>
s 6724:20100824
949 ## - LOCAL PROCESSING INFORMATION (OCLC)
6 0174096648
a leskn 2684
b lesknLV9836
o [RO] <ZD>
s 6724:20100824
949 ## - LOCAL PROCESSING INFORMATION (OCLC)
6 0174096649
a leskn 2684
b lesknLV9837
o [RO] <ZD>
s 6724:20100824
949 ## - LOCAL PROCESSING INFORMATION (OCLC)
6 0174096650
a leskn 2684
b lesknLV9838
o [RO] <BA>
s 6724:20150512
949 ## - LOCAL PROCESSING INFORMATION (OCLC)
6 0174096651
a leskn 2684
b lesknLV9839
o [RO] <Met>
q Kniha do skladu.
s 6724:20110815
949 ## - LOCAL PROCESSING INFORMATION (OCLC)
6 0174096652
a leskn 2684
b lesknLV9840
o [RO] <Met>
s 6724:20110815
-- 5720:20100625
949 ## - LOCAL PROCESSING INFORMATION (OCLC)
6 0174096653
a leskn 2684
b lesknLV9841
o [RO] <Met>
q Kniha do skladu.
s 6724:20110815
949 ## - LOCAL PROCESSING INFORMATION (OCLC)
6 0174096654
a leskn 2684
b lesknLV9842
o [RO] <Met>
q Kniha do skladu.
s 6724:20110815
949 ## - LOCAL PROCESSING INFORMATION (OCLC)
6 2889060662
a savukS 117157
949 ## - LOCAL PROCESSING INFORMATION (OCLC)
6 17A1014079
a snkSC 89542
b snkKSP 10266/95
s 6100:20140925
949 ## - LOCAL PROCESSING INFORMATION (OCLC)
9 P60, <09>, [BOOK], {629}
a snkC 2144
b snk4210/951207
949 ## - LOCAL PROCESSING INFORMATION (OCLC)
6 17A0079249
9 P60, <04>, [BOOK], {604}
a snkSC 89542 D1
b snkKSP 10267/95
949 ## - LOCAL PROCESSING INFORMATION (OCLC)
6 273K0214698
a svkpoA 166463
b svkpo412818
o PV 3679/95
Holdings
Stav vyradenia Strata Poškodenie Spôsob nadobudnutia Domovská knižnica Aktuálna knižnica Dátum nadobudnutia Total checkouts Čiarový kód exemplára Date last seen Typ exemplára
      Dar Obecná knižnica Horná Štubňa Obecná knižnica Horná Štubňa 22.01.2026   4736200459 22.01.2026 Krásna literatúra pre dospelých
Projekt je podporený Slovenskou asociáciou knižníc
Prevádzkuje Turčianska knižnica Martin 2026